| 000 | 01255nam a2200325Ia 4500 | ||
|---|---|---|---|
| 001 | ebr10428210 | ||
| 003 | CaPaEBR | ||
| 006 | m u | ||
| 007 | cr cn||||||||| | ||
| 008 | 100708s2010 enka sb 001 0 eng d | ||
| 010 | _z 2010028776 | ||
| 020 | _z9780754679752 | ||
| 020 | _z9780754699354 | ||
| 040 |
_aCaPaEBR _cCaPaEBR |
||
| 035 | _a(OCoLC)694146941 | ||
| 050 | 1 | 4 |
_aGT3190 _b.D425 2010eb |
| 082 | 0 | 4 |
_a306.9 _222 |
| 245 | 0 | 0 |
_aDeathscapes _h[electronic resource] : _bspaces for death, dying, mourning and remembrance / _cedited by Avril Maddrell and James D. Sidaway. |
| 260 |
_aFarnham, Surrey, UK ; _aBurlington, VT : _bAshgate, _cc2010. |
||
| 300 |
_axvi, 305 p. : _bill. |
||
| 504 | _aIncludes bibliographical references and index. | ||
| 533 |
_aElectronic reproduction. _bPalo Alto, Calif. : _cebrary, _d2010. _nAvailable via World Wide Web. _nAccess may be limited to ebrary affiliated libraries. |
||
| 650 | 0 | _aDeath. | |
| 650 | 0 | _aBereavement. | |
| 655 | 7 |
_aElectronic books. _2local |
|
| 700 | 1 |
_aMaddrell, Avril, _d1964- |
|
| 700 | 1 | _aSidaway, James D. | |
| 710 | 2 | _aebrary, Inc. | |
| 856 | 4 | 0 |
_uhttp://site.ebrary.com/lib/rucke/Doc?id=10428210 _zAn electronic book accessible through the World Wide Web; click to view |
| 999 |
_c143724 _d143724 |
||